Modelovanie zostáv upínacích prípravkov pre vybrané nerotačné obrobky : Diplomová práca

Enregistré dans:
Détails bibliographiques
Auteur principal: Zvoda, Michael (Auteur)
Autres auteurs: Velíšek, Karol, 1951- (xxx)
Format: Manuscrit Livre
Langue:slovaque
Publié: Trnava : STU v Bratislave MtF KTZS, 2006
Sujets:
Tags: Ajouter un tag
Pas de tags, Soyez le premier à ajouter un tag!

MARC

LEADER 00000ntm a22000003a 4500
001 stu130980
005 20160719155620.6
008 061207s2006----xo------------------slo-d
040 |a STU  |b slo 
041 0 |a slo 
044 |a xo 
100 1 |a Zvoda, Michael  |4 aut 
245 1 |a Modelovanie zostáv upínacích prípravkov pre vybrané nerotačné obrobky :  |b Diplomová práca 
260 |a Trnava :  |b STU v Bratislave MtF KTZS,  |c 2006 
300 |a 70 s  |c 1 CD-ROM 
650 7 |a upínacie prípravky  |2 stusub 
650 7 |a obrobky  |2 stusub 
650 7 |a technologické zariadenia a systémy  |2 stusub 
700 1 |a Velíšek, Karol,  |d 1951-  |4 xxx  |u M2000  |U MTF Materiálovotechnologická fakulta  |T MTF Ústav výrobných systémov a aplikovanej mechaniky  |X 234  |U M2000  |Y 82  |7 A000000234 
700 1 |a Matúšová, Miriam,  |d 1977-  |4 csl  |u M2000  |U MTF Materiálovotechnologická fakulta  |T MTF Ústav výrobných systémov a aplikovanej mechaniky  |X 4309  |U M2000  |Y 82  |7 A000004309 
996 |b 284M075245  |c M*DP-6428  |l MMSKP  |s P  |a 0  |w stu130980_0001